Si Isem sa bayang bawal tumawa : (Record no. 105237)
[ view plain ]
| 000 -LEADER | |
|---|---|
| fixed length control field | 00867nam a2200193 a 4500 |
| 005 - DATE AND TIME OF LATEST TRANSACTION | |
| control field | 20140412111348.0 |
| 008 - FIXED-LENGTH DATA ELEMENTS--GENERAL INFORMATION | |
| fixed length control field | 050422s19uu xx 00 eng d |
| 020 ## - INTERNATIONAL STANDARD BOOK NUMBER | |
| International Standard Book Number | 971-518-044-2 |
| 050 ## - LIBRARY OF CONGRESS CALL NUMBER | |
| Classification number | Fil 398.2 |
| Item number | E11 2003 |
| 100 ## - MAIN ENTRY--PERSONAL NAME | |
| Personal name | Evasco, Eugene Y. |
| 245 ## - TITLE STATEMENT | |
| Title | Si Isem sa bayang bawal tumawa : |
| Remainder of title | Isem in grumpy town / |
| Statement of responsibility, etc | story by Eugene Y. Evasco ; illustrations by John D. Crisostomo. |
| 260 ## - PUBLICATION, DISTRIBUTION, ETC. (IMPRINT) | |
| Place of publication, distribution, etc | Manila, Philippines : |
| Name of publisher, distributor, etc | Lampara Books, |
| Date of publication, distribution, etc | 2003. |
| 300 ## - PHYSICAL DESCRIPTION | |
| Extent | 1 v. (unp.) ; ill. |
| 520 ## - SUMMARY, ETC. | |
| Summary, etc | In the town of Misoot, Datu Rupanget forbids laughing, That's why everyone is grumpy, sullen, ill-tempered, and wailing. Until the very unusual Isem, born with a perpetual grin on his face, arrive in town. Can he change the datu's oppressive decree? |
| 650 ## - SUBJECT ADDED ENTRY--TOPICAL TERM | |
| Topical term or geographic name as entry element | Folklore, Philippine |
| 650 ## - SUBJECT ADDED ENTRY--TOPICAL TERM | |
| Topical term or geographic name as entry element | Emotions |
| General subdivision | Fiction |
| 650 ## - SUBJECT ADDED ENTRY--TOPICAL TERM | |
| Topical term or geographic name as entry element | Children stories |
| Withdrawn status | Lost status | Damaged status | Home library | Current library | Shelving location | Date acquired | Source of acquisition | Total Checkouts | Full call number | Barcode | Date last seen | Price effective from | Koha item type |
|---|---|---|---|---|---|---|---|---|---|---|---|---|---|
| Elizalde Library | Elizalde Library | Filipiniana Section | 04/22/2005 | Fil 398.2 E11 2003 | E9699 | 04/12/2014 | 04/12/2014 | Books |